¿Y de equidad que? : (Registro nro. 5812)
[ vista simple ]
| 000 -LEADER | |
|---|---|
| fixed length control field | 01190nam a2200277Ia 4500 |
| 003 - CONTROL NUMBER IDENTIFIER | |
| control field | OSt |
| 005 - DATE AND TIME OF LATEST TRANSACTION | |
| control field | 20201214110517.0 |
| 008 - FIXED-LENGTH DATA ELEMENTS--GENERAL INFORMATION | |
| fixed length control field | 191128s2010 ck ad fr 000 0 spa d |
| 020 ## - INTERNATIONAL STANDARD BOOK NUMBER | |
| International Standard Book Number | 9789587310283 |
| 040 ## - CATALOGING SOURCE | |
| Original cataloging agency | CO-JMCR |
| Transcribing agency | CO-JMCR |
| 041 0# - LANGUAGE CODE | |
| Language code of text/sound track or separate title | spa |
| 082 04 - DEWEY DECIMAL CLASSIFICATION NUMBER | |
| Classification number | 336.200905 / |
| Item number | R277y |
| Edition number | 23 |
| 100 1# - MAIN ENTRY--PERSONAL NAME | |
| Personal name | Restrepo Salazar, Juan Camilo, |
| Relator term | autor |
| 9 (RLIN) | 6525 |
| 245 11 - TITLE STATEMENT | |
| Title | ¿Y de equidad que? : |
| Remainder of title | reflexiones sobre el sistema tributario durante la administración Uribe Vélez / |
| Statement of responsibility, etc. | Juan Camilo Restrepo Salazar |
| 250 ## - EDITION STATEMENT | |
| Edition statement | 2a edición |
| 260 ## - PUBLICATION, DISTRIBUTION, ETC. | |
| Place of publication, distribution, etc. | Medellín : |
| Name of publisher, distributor, etc. | Editorial Diké, |
| Date of publication, distribution, etc. | 2010 |
| 300 ## - PHYSICAL DESCRIPTION | |
| Extent | 325 páginas : |
| Other physical details | gráficos a blanco y negro ; |
| Dimensions | 24 cm. |
| 490 0# - SERIES STATEMENT | |
| Series statement | Biblioteca Jurídica |
| 505 0# - FORMATTED CONTENTS NOTE | |
| Formatted contents note | Ensayos -- Artículos |
| 520 3# - SUMMARY, ETC. | |
| Summary, etc. | El artículo 363 de la constitución prescribe que "El sistema tributario se funda en los principios de la equidad, eficiencia y progresividad". ¿Cómo se han cumplido estos postulados constitucionales durante los dos gobiernos del presidente |
| 650 14 - SUBJECT ADDED ENTRY--TOPICAL TERM | |
| Topical term or geographic name entry element | Derecho fiscal |
| Geographic subdivision | Colombia |
| 9 (RLIN) | 6526 |
| 650 14 - SUBJECT ADDED ENTRY--TOPICAL TERM | |
| Topical term or geographic name entry element | Hacienda pública |
| Geographic subdivision | Colombia |
| 9 (RLIN) | 6527 |
| 650 24 - SUBJECT ADDED ENTRY--TOPICAL TERM | |
| Topical term or geographic name entry element | Gastos públicos |
| Geographic subdivision | Colombia |
| 9 (RLIN) | 6528 |
| 650 24 - SUBJECT ADDED ENTRY--TOPICAL TERM | |
| Topical term or geographic name entry element | Presupuesto |
| Geographic subdivision | Colombia |
| 9 (RLIN) | 6529 |
| 942 ## - ADDED ENTRY ELEMENTS (KOHA) | |
| Source of classification or shelving scheme | Dewey Decimal Classification |
| Koha item type | Books |
| Withdrawn status | Lost status | Source of classification or shelving scheme | Damaged status | Not for loan | Collection code | Home library | Current library | Date acquired | Source of acquisition | Cost, normal purchase price | Full call number | Barcode | Date last seen | Copy number | Koha item type |
|---|---|---|---|---|---|---|---|---|---|---|---|---|---|---|---|
| Dewey Decimal Classification | Non-fiction | Biblioteca Pública José María del Castillo y Rada | Biblioteca Pública José María del Castillo y Rada | 04/15/2018 | Donación | 0.00 | 336.200905 / R277y | 430004588 | 05/16/2024 | Ej.1 | Books |